000 00639nam a2200241Ia 4500
008 180523s9999 xx 000 0 und d
020 _a978-981-06-9597-2
050 _aMAIN HF 5415.1265
050 _b.I58 2010
245 0 _aInternet marketing :
245 0 _bstrategy, implementation and practice /
245 0 _cDave Chaffey… [et al].
250 _a4th Edition
260 _aSingapore :
260 _bPearson Education South Asia,
260 _c2010
300 _a702 pages :
300 _billustrations ;
300 _c26 cm.
500 _aIncludes index.
650 _aInternet marketing.
650 _xInternet.
999 _c357061
_d357061